000 00363nam a2200133 i 4500
001 bg
245 0 _aMetody cybernetyczne.
260 _aWrocław,
_c1979.
040 _cBPK
041 _apol
942 _cKS
008 s pl f |000 0 pol
856 _uhttp://koha.tu.koszalin.pl/cgi-bin/koha/opac-detail.pl?biblionumber=18609
_yKatalog online BPK
999 _c18609
_d18609